00976 a2200217 4500003000500000005001700005010001700022020001800039040000900057082001600066100002400082245008200106250001200188260006300200300003500263505026600298650002300564942001200587999001900599952014000618Nust20240925094648.0 a 2003048622 a9780273769088 cNust00a621.317,RAS1 aRashid, M. H.9901110aPower electronics: circuits, devices, and applications /cMuhammad H. Rashid. a4th ed. aUpper Saddle River, N.J. :bPearson/Prentice Hall,cc2018. axxiv, 880 p. :bill. ;c24 cm. aPart.1 Power Diodes and Rectifiers (Page-59), Part.II Power Transistors and DC-DC Converters (Page-158), Part.III Inverters (Page-306), Part IV. Thyristors and Thyristorized Coverts (Page-467), Part. IV Power Electronics Applications and Protections (Page-626). 0aPower electronics. 2ddccBK c180314d180314 00102ddc4070aMCSbMCScGENd2016-12-12l1o621.317,RASpMCS31873r2025-09-10s2025-07-16w2016-12-12yBKzAlmirah No.29, Shelf No.3